000 00509nam a22001937a 4500
003 KOHA_MİRAKIL
005 20251111105408.0
008 251111b tu ||||| |||| 00| 0 tur d
020 _a9789750745522
040 _aTR-AnABB
_btur
_cTR-AnABB
041 _atur
082 _a813.42
_bTUN 2022
100 1 _aTunç, Ayfer,
245 1 0 _aOsman /
_cAyfer Tunç
260 _aİstanbul :
_bCan Sanatları,
_c2022
300 _a504 sayfa ;
_c19 cm
650 0 4 _aTürk edebiyatı, roman
942 _2ddc
_cBK
999 _c9335
_d9335
900 _bGizem YORULMAZ